The male body at war : American masculinity during World War II

Αποθηκεύτηκε σε:
Λεπτομέρειες βιβλιογραφικής εγγραφής
Κύριος συγγραφέας: Jarvis, Christina S.
Μορφή: Βιβλίο
Γλώσσα:English
Δημοσίευση: DeKalb : Northern Illinois University Press, c2004
Θέματα:
Ετικέτες: Προσθήκη ετικέτας
Δεν υπάρχουν, Καταχωρήστε ετικέτα πρώτοι!

MARC

LEADER 00000cam a2200000 i 4500
001 1/4583
008 100217s2004 eng d
020 |a 0-87580-322-9 
035 |l 10106836 
040 |a GR-MY-UA  |b gre  |e aacr 
041 0 |a eng 
082 0 |a 305.310973  |2 (22) 
100 1 |a Jarvis, Christina S. 
245 1 4 |a The male body at war :  |b American masculinity during World War II /  |c Christina S. Jarvis 
260 |a DeKalb :   |b Northern Illinois University Press,   |c c2004 
300 |a xiii, 243 σ.;  |b εικ.;  |c 24 εκ. 
504 |a Βιβλιογραφία: σ. [219]-234 
504 |a Ευρετήριο: σ. [235]-243 
650 0 0 |a Men  |z United States  |x History  |y 20th century. 
650 0 0 |a Masculinity  |z United States  |x History  |y 20th century. 
650 0 0 |a Men in popular culture  |z United States  |x History  |y 20th century. 
650 0 0 |a War and society  |z United States  |x History  |y 20th century. 
650 0 0 |a World War, 1939-1945  |x Social aspects  |z United States. 
852 |a INST  |b LESVOS  |e 20100217  |h 305.310973 JAR  |p 005100045752  |q 005100045752  |t BK  |y 0 
901 |a BIBL1-2010-1 
909 |a Λ  |b 162747 
970 |a ΓΙΑΛΑΜΑ  |b ΜΑΡΙΑ  |z 2010/02/17